Loading...
| Current Events | 4 | 22.50 | 75% | 100% | 50% |
| Fine Arts - Auditory Fine Arts | 6 | 15.00 | 100% | 50% | 0% |
| Fine Arts - Visual Fine Arts | 10 | 22.00 | 100% | 100% | 20% |
| Geography | 5 | 16.00 | 100% | 40% | 20% |
| History - American History | 6 | 16.67 | 100% | 67% | 0% |
| History - Ancient History | 4 | 15.00 | 100% | 50% | 0% |
| History - European History | 4 | 20.00 | 100% | 100% | 0% |
| History - World History | 6 | 13.33 | 83% | 33% | 17% |
| Literature - American Literature | 5 | 18.00 | 100% | 80% | 0% |
| Literature - British Literature | 5 | 16.00 | 100% | 60% | 0% |
| Literature - European Literature | 4 | 17.50 | 100% | 75% | 0% |
| Literature - World Literature | 4 | 17.50 | 100% | 75% | 0% |
| Mythology | 2 | 10.00 | 100% | 0% | 0% |
| Other Academic | 3 | 13.33 | 67% | 33% | 33% |
| Philosophy | 8 | 26.25 | 100% | 88% | 75% |
| Religion | 5 | 10.00 | 100% | 0% | 0% |
| Science - Biology | 3 | 13.33 | 100% | 33% | 0% |
| Science - Chemistry | 5 | 20.00 | 100% | 80% | 20% |
| Science - Other Science | 5 | 20.00 | 100% | 60% | 40% |
| Science - Physics | 3 | 13.33 | 100% | 33% | 0% |
| Social Science | 8 | 16.25 | 88% | 63% | 13% |